Obálka Náhled e-knihy:
Epub
Pro půjčování e-knih musíte být přihlášeni.
Jak si půjčit online?

Válka s mloky /

Válka s Mloky je satirický vědeckofantastický román Karla Čapka, napsaný roku 1935. Kniha je z hlediska tématu antiutopií, obávající se odlidštění společnosti. V textu je značné množství narážek na německý nacismus, s nímž Čapek hluboce nesouhlasil, celé dílo je také možno vykládat jako alegorii na...

Celý popis

Uloženo v:
Hlavní autor: Čapek, Karel (Autor)
Médium: E-kniha
Jazyk:Czech
Vydáno: Praha : Artis, 2021
Tagy:
Žádné tagy
LEADER 01382nam a22002297i 4500
001 311364
007 ta
008 260601s2021 xr ||||| |||| 00| 0 cze d
020 |a 9990003307699 
044 |a xr 
100 1 |a  Čapek, Karel  |4 aut 
245 1 0 |a Válka s mloky /  |c  Čapek, Karel 
264 1 |a Praha :  |b Artis,  |c 2021 
300 |a 1 online zdroj (193 stran) 
336 |a text  |b txt  |2 rdacontent 
337 |a bez média  |b n  |2 rdamedia 
338 |a online zdroj  |b cr  |2 rdacarrier 
520 2 |a Válka s Mloky je satirický vědeckofantastický román Karla Čapka, napsaný roku 1935. Kniha je z hlediska tématu antiutopií, obávající se odlidštění společnosti. V textu je značné množství narážek na německý nacismus, s nímž Čapek hluboce nesouhlasil, celé dílo je také možno vykládat jako alegorii na rozpínavost Třetí říše . Čapek se při přípravě tohoto díla pravděpodobně nechal inspirovat objevem třetihorního velemloka druhu Andrias scheuchzeri. 
910 |a RBIT002 
998 |d 330769  |a https://core.palmknihy.cz/api/books/330769/cover?qvt64e  |b https://core.palmknihy.cz/api/books/330769/cover/400?qvt64e  |c https://core.palmknihy.cz/api/books/330769/cover/50?qvt64e  |e 2099-12-01  |g 193  |i 9990003307699  |j https://core.palmknihy.cz/api/books/330769/preview.epub  |l   |q 49  |r 1  |s https://www.palmknihy.cz/kniha/330769  |t ebook  |y 2021  |z 1 
999 |d 311362